000 00669nam a2200205Ia 4500
003 GCL
008 140319s9999 xx 000 0 ara d
040 _aGCL /
_cGCL
082 0 4 _a330.9
_bط ت
100 1 _aطارق حجى
245 1 0 _aالتحول المصيرى : دراسات فى السياسة و الاقتصاد و الادارة و الثقافة /
_cطارق حجى
260 _a[S.N] :
_bالدار المصرية اللبنانية ،
_c1993
300 _a167 ص
490 _a
650 0 4 _aالعالم العربى
650 0 4 _aالادارة
650 0 4 _aالاحوال الاقتصادية
650 0 4 _aالثقافة
942 _2ddc
_cBK
999 _c31967
_d31967